|
|
|
|
| LEADER |
00000cam a2200000 a 4500 |
| 001 |
028220 |
| 003 |
UAHC_CL |
| 005 |
20240109161220.0 |
| 008 |
130403s2013 cl 000 f spa |
| 020 |
|
|
|a 9789871138906
|
| 040 |
|
|
|a UAHC_CL
|c UAHC_CL
|d UAHC_CL
|
| 100 |
|
|
|a Allende, Isabel
|d 1942-
|9 364
|
| 245 |
1 |
3 |
|a La casa de los espíritus
|c Isabel Allende.
|
| 260 |
|
|
|a Barcelona :
|b De bolsillo,
|c 2013.
|
| 300 |
|
|
|a 453 páginas.
|
| 650 |
|
0 |
|a Literatura chilena
|9 237
|
| 650 |
|
0 |
|a Novela chilena
|9 2779
|
| 900 |
|
|
|a Ch863 ALL
|
| 942 |
|
|
|c BK
|2 ddc
|
| 952 |
|
|
|0 0
|1 0
|2 ddc
|4 0
|6 CH_863_000000000000000_ALL
|7 0
|8 COMP
|9 55930
|a BR
|b BR
|c General
|d 2017-08-03
|l 4
|m 2
|o Ch863 ALL
|p 1420097
|r 2026-01-13 00:00:00
|s 2024-08-22
|t 1
|w 2017-08-03
|y BK
|
| 999 |
|
|
|c 28220
|d 28220
|